[Event "Speed Chess Q1 Sw"]
[Site "Chess.com INT"]
[Date "2023.08.21"]
[Round "9"]
[White "Vetoshko, Volodymyr"]
[Black "Jumabayev, Rinat"]
[Result "1-0"]
[WhiteElo "2502"]
[BlackElo "2589"]
[PlyCount "107"]
[EventDate "2023.08.21"]
[EventType "k.o. (blitz)"]
[EventRounds "14"]
[EventCountry "USA"]
[SourceTitle "CBM 215 Extra"]
[Source "ChessBase"]
[SourceDate "2023.09.30"]
[SourceVersion "1"]
[SourceVersionDate "2023.09.30"]
[SourceQuality "1"]

1. b3 Nf6 2. Bb2 g6 3. g3 Bg7 4. Bg2 0-0 5. Nf3 d6 6. d4 c5 7. c4 cxd4 8. Nxd4 Qa5+ 9. Nd2 d5 10. 0-0 e5 11. N4f3 d4 12. c5 Nc6 13. Nc4 Qxc5 14. Ba3 Qb5 15. Bxf8 Bxf8 16. e3 d3 17. Qxd3 e4 18. Nd4 exd3 19. Nxb5 Bg4 20. f3 Bd7 21. Rad1 Re8 22. Nd4 Bc5 23. Nxc6 Bxc6 24. Rxd3 b5 25. Na5 Ba8 26. f4 Bb4 27. Bxa8 Bxa5 28. Bc6 Rb8 29. e4 Rc8 30. Rc1 Bb6+ 31. Kg2 Nxe4 32. Rc2 Nf6 33. Rdd2 b4 34. Re2 Kg7 35. Bb5 Rd8 36. Bc4 Kf8 37. Rcd2 Rc8 38. h3 Rc7 39. g4 h6 40. Kf3 Kg7 41. Rd1 Bc5 42. Rc2 Re7 43. Re2 Rc7 44. Rd3 Bb6 45. Rd1 g5 46. fxg5 hxg5 47. Re5 Nh7 48. Rf5 f6 49. Rfd5 Nf8 50. R5d2 Bc5 51. Re2 Ng6 52. Rd8 Nh4+ 53. Ke4 Ng6 54. Red2 1-0

[Event "Speed Chess Q1 Sw"]
[Site "Chess.com INT"]
[Date "2023.08.21"]
[Round "1"]
[White "Vetoshko, Volodymyr"]
[Black "Osiecki, Stanislaw"]
[Result "1-0"]
[WhiteElo "2502"]
[BlackElo "1996"]
[PlyCount "85"]
[EventDate "2023.08.21"]
[EventType "k.o. (blitz)"]
[EventRounds "14"]
[EventCountry "USA"]
[SourceTitle "CBM 215 Extra"]
[Source "ChessBase"]
[SourceDate "2023.09.30"]
[SourceVersion "1"]
[SourceVersionDate "2023.09.30"]
[SourceQuality "1"]

1. b3 e5 2. Bb2 Nc6 3. c4 d6 4. e3 Nf6 5. Nf3 g6 6. d4 exd4 7. Nxd4 Bg7 8. Nxc6 bxc6 9. Be2 0-0 10. 0-0 Re8 11. Bf3 Bd7 12. Nc3 Qe7 13. Qd2 h5 14. h3 Nh7 15. Ne4 Bxb2 16. Qxb2 Qe5 17. Qxe5 Rxe5 18. Rad1 f5 19. Nc3 Rae8 20. h4 Nf6 21. g3 Kg7 22. Rd2 R8e7 23. Rfd1 a5 24. Rb2 Re8 25. Ne2 c5 26. Nf4 Ne4 27. Nd5 Rc8 28. Ra1 Bc6 29. Bxe4 fxe4 30. Nf4 Rb8 31. Kf1 a4 32. Ke1 a3 33. Rc2 Ree8 34. Kd2 Rb6 35. Kc3 Ra8 36. Ne6+ Kf6 37. Nxc7 Rc8 38. Nd5+ Bxd5 39. cxd5 Rb4 40. Rd1 Ke5 41. Rcd2 c4 42. Kxb4 c3 43. Rc2 1-0